Fluminense Best Scorer By Year - Statistics

General Stats
  • This quiz has been taken 224 times
    20 since last reset
  • The average score is 16 of 43
Answer Stats
Player % Correct
Fred
100%
Germán Cano
93%
Thiago Neves
87%
Washington
87%
Washington
87%
Darío Conca
80%
Jhon Arias
80%
Kevin Serna
73%
Henrique Dourado
67%
Pedro
67%
Assis
60%
Luiz Henrique
60%
Marcelo Henrique
60%
Magno Alves
53%
Romário
53%
Romerito
47%
Ézio
40%
Rafael Sóbis
40%
Rôni
33%
Tuta
33%
Yony González
33%
Cícero
27%
Narciso Doval
20%
Nenê
20%
Vander Luiz
20%
Cláudio Adão
13%
Gil
13%
Lula
13%
Ramón
13%
Amauri
7%
Cristóvão
7%
Dionísio
7%
Gilcimar
7%
Gildásio
7%
Jason
7%
Jeremias
7%
Manfrini
7%
Marinho Chagas
7%
Nílson
7%
Paulo Roberto
7%
Rinaldo
7%
Robertinho
7%
Valdeir
7%
No matching quizzes found
Score Distribution
Percent of People with Each Score
Percentile by Number Answered
Your Score History
You have not taken this quiz since the last reset